Пирохимическая активность красных кирпичных глин: доклад на научной сессии НИИСМ БССР

Détails bibliographiques
Auteur principal: Усов П. Г.
Langue:russe
Publié: Минск, 1958
Sujets:
Format: MixedMaterials Livre
KOHA link:https://koha.lib.tpu.ru/cgi-bin/koha/opac-detail.pl?biblionumber=593615

MARC

LEADER 00000nam0a2200000 4500
001 593615
005 20231101131752.0
035 |a (RuTPU)RU\TPU\tpu\7171 
090 |a 593615 
100 |a 20011210d1958 u y0rusy50 ca 
101 0 |a rus 
102 |a RU 
105 |a  000|y 
200 1 |a Пирохимическая активность красных кирпичных глин  |e доклад на научной сессии НИИСМ БССР  |f П. Г. Усов 
210 |a Минск  |d 1958 
215 |a 10 с. 
610 1 |a химическая промышленность 
610 1 |a труды учёных ТПУ 
700 1 |a Усов  |b П. Г. 
801 0 |a RU  |b 63413507  |c 20011210  |g PSBO 
801 2 |a RU  |b 63413507  |c 20090408  |g PSBO 
942 |c BK